Propuesta de silvicultura ecológica para la ordenación de los bosques en la Comunidad de San Miguel del Valle, Villa de Díaz Ordaz, Tlacolula, Oaxaca / (Record no. 220492)
[ view plain ]
| 000 -CABECERA | |
|---|---|
| campo de control de longitud fija | 03198nam a2200337 a 4500 |
| 003 - IDENTIFICADOR DEL NÚMERO DE CONTROL | |
| campo de control | OSt |
| 005 - FECHA Y HORA DE LA ÚLTIMA TRANSACCIÓN | |
| campo de control | 20250807094241.0 |
| 007 - CAMPO FIJO DE DESCRIPCIÓN FÍSICA--INFORMACIÓN GENERAL | |
| campo de control de longitud fija | cr ||||||a|c|a |
| 008 - DATOS DE LONGITUD FIJA--INFORMACIÓN GENERAL | |
| campo de control de longitud fija | 250225s2024 mx a|||fom||| |01 0 spa d |
| 040 ## - FUENTE DE LA CATALOGACIÓN | |
| Normas de descripción | rda |
| 100 1# - ENTRADA PRINCIPAL--NOMBRE DE PERSONA | |
| Nombre de persona | Vásquez Fabián, Iván |
| 9 (RLIN) | 190175 |
| 245 10 - MENCIÓN DE TÍTULO | |
| Título | Propuesta de silvicultura ecológica para la ordenación de los bosques en la Comunidad de San Miguel del Valle, Villa de Díaz Ordaz, Tlacolula, Oaxaca / |
| Mención de responsabilidad, etc. | por Iván Vásquez Fabián; director de tesis José Amando Gil Vera Castillo; secretario Yolanda Franco Islas; vocal Ángel Leyva Ovalle; suplente Javier Santillán Pérez; suplente Israel Lerma Serna. |
| 264 #1 - PRODUCCIÓN, PUBLICACIÓN, DISTRIBUCIÓN, FABRICACIÓN Y COPYRIGHT | |
| Producción, publicación, distribución, fabricación y copyright | Chapingo, México : |
| Nombre del de productor, editor, distribuidor, fabricante | El autor, |
| Fecha de producción, publicación, distribución, fabricación o copyright | 2024. |
| 300 ## - DESCRIPCIÓN FÍSICA | |
| Extensión | 1 recurso en línea (91 páginas); |
| Otras características físicas | cuadros, figuras. |
| 336 ## - TIPO DE CONTENIDO | |
| Fuente | rdacontent |
| Término de tipo de contenido | texto |
| Código de tipo de contenido | txt |
| 337 ## - TIPO DE MEDIO | |
| Fuente | rdamedia |
| Nombre/término del tipo de medio | computadora |
| Código del tipo de medio | c |
| 338 ## - TIPO DE SOPORTE | |
| Fuente | rdacarrier |
| Nombre/término del tipo de soporte | recurso en línea |
| Código del tipo de soporte | cr |
| 502 ## - NOTA DE TESIS | |
| Tipo de título | Ingeniería Forestal |
| Nombre de la institución que otorga el título | División de Ciencias Forestales, |
| Año de obtención del título | 2024. |
| Información miscelánea | Licenciatura |
| 504 ## - NOTA DE BIBLIOGRAFÍA, ETC. | |
| Nota de bibliografía, etc. | Incluye referencias bibliográficas: páginas 57-62. |
| 520 ## - SUMARIO, ETC. | |
| Sumario, etc. | Derivado de las incertidumbres al entorno altamente cambiante del sector forestal y ante los regímenes de perturbación más frecuentes, existen supuestos que la gestión basada en la proyección del crecimiento será exitosa en la producción y el mantenimiento de los servicios y funciones de los ecosistemas. Hecho que da origen a la formulación de la presente propuesta, de tal forma que la premisa central fue diseñar un sistema de aprovechamiento que mantenga la composición, estructura y funcionalidad del ecosistema, mediante el planteamiento de un sistema de ordenación que haga uso y consideración de los factores que actúan en la determinación de la estructura y composición del bosque. La base de la prescripción de tratamientos se centró elementalmente en el mantenimiento y la creación de complejidad, heterogeneidad estructural y funcionalidad a través de un manejo dinámico ecológico, la flora y la fauna ampararán un flujo constante del legado biológico, a través de la creación y conservación de corredores biológicos, también fungirá como banco semillero para la regeneración del bosque. En este sentido, aunque el producto primordial que se quiere obtener es la madera, el aprovechamiento responderá al principio de diversidad, afirmando que una sola especie será capaz de producir dos o más productos con criterio único o múltiple, y con ello los resultados de los tratamientos de silvicultura ecológica harán frente a las condiciones cambiantes mediante un manejo focalizado de la biodiversidad en su estructura como en su composición. |
| 650 #4 - PUNTO DE ACCESO ADICIONAL DE MATERIA--TÉRMINO DE MATERIA | |
| Término de materia o nombre geográfico como elemento de entrada | Recursos naturales |
| Subdivisión general | Aprovechamiento |
| 9 (RLIN) | 95190 |
| 650 #4 - PUNTO DE ACCESO ADICIONAL DE MATERIA--TÉRMINO DE MATERIA | |
| Término de materia o nombre geográfico como elemento de entrada | Bosques |
| Subdivisión general | Conservación |
| 9 (RLIN) | 187168 |
| 650 #4 - PUNTO DE ACCESO ADICIONAL DE MATERIA--TÉRMINO DE MATERIA | |
| Término de materia o nombre geográfico como elemento de entrada | Madera |
| Subdivisión general | Rendimiento |
| 9 (RLIN) | 69626 |
| 700 0# - PUNTO DE ACCESO ADICIONAL--NOMBRE DE PERSONA | |
| Nombre de persona | Vera Castillo, José Amando Gil |
| Término indicativo de función/relación | Director de tesis. |
| 9 (RLIN) | 118764 |
| 700 1# - PUNTO DE ACCESO ADICIONAL--NOMBRE DE PERSONA | |
| Nombre de persona | Franco Islas, Yolanda |
| 9 (RLIN) | 42965 |
| Término indicativo de función/relación | Secretario. |
| 700 1# - PUNTO DE ACCESO ADICIONAL--NOMBRE DE PERSONA | |
| Nombre de persona | Leyva Ovalle, Angel |
| 9 (RLIN) | 66584 |
| Término indicativo de función/relación | Vocal. |
| 700 1# - PUNTO DE ACCESO ADICIONAL--NOMBRE DE PERSONA | |
| Nombre de persona | Santillán Pérez, Javier |
| 9 (RLIN) | 102430 |
| Término indicativo de función/relación | Suplente. |
| 700 1# - PUNTO DE ACCESO ADICIONAL--NOMBRE DE PERSONA | |
| Nombre de persona | Lerma Serna, Israel |
| 9 (RLIN) | 66299 |
| Término indicativo de función/relación | Suplente. |
| 856 ## - LOCALIZACIÓN Y ACCESO ELECTRÓNICOS | |
| Identificador Uniforme del Recurso | http://10.13.5.2/tesis/tl/1812627-2_VASQUEZ_FABIAN_IVAN.pdf |
| Nota pública | DESCARGAR PDF |
| 942 ## - ELEMENTOS DE PUNTO DE ACCESO ADICIONAL (KOHA) | |
| Fuente del sistema de clasificación o colocación | Clasificación Universidad Autónoma Chapingo |
| Tipo de ítem Koha | Tesis digital |
| Estado de retiro | Estado de pérdida | Fuente del sistema de clasificación o colocación | Estado dañado | Restricciones de uso | No para préstamo | Código de colección | Localización permanente | Ubicación/localización actual | Ubicación en estantería | Fecha de adquisición | Total de préstamos | Signatura topográfica completa | Fecha visto por última vez | Precio válido a partir de | Tipo de ítem Koha |
|---|---|---|---|---|---|---|---|---|---|---|---|---|---|---|---|
| Clasificación Universidad Autónoma de Chapingo | Préstamo interno | Tesis digitales de Licenciatura | Biblioteca Digital | Biblioteca Digital | En línea | 25/02/2025 | Tesis digital | 25/02/2025 | 25/02/2025 | Tesis digital |
